000 00303nam a2200121Ia 4500
008 190216s9999||||xx |||||||||||||| ||und||
100 _aNarayanan Nair P
245 0 _aSamakalika Bharatacaritram
260 _bKerala Bhasha Institute
_c1974
300 _a752p
650 _aHistory Of India
942 _cBK
999 _c19310
_d19310